| 000 | 00816nam a22002417a 4500 | ||
|---|---|---|---|
| 999 |
_c7434 _d7434 |
||
| 003 | AR-CdUCM | ||
| 008 | 190320b ||||| |||| 00| 0 spa d | ||
| 040 |
_aMUNICIPALIDAD PROVINCIAL DEL CUSCO _cBIBLIOTECA MUNICIPAL DEL CUSCO |
||
| 082 |
_a511 / _bC79 |
||
| 100 |
_aCornejo Rpsell, Hugo _920963 |
||
| 245 | _aRazonamiento Espacio - Visual / | ||
| 260 |
_aPeru : _bImprenta Editorial Pozo, _c2000. |
||
| 300 |
_a120 paginas ; _bgraficos, _c20 cm. |
||
| 440 |
_a _920964 |
||
| 500 | _aMatematicas razonamiento | ||
| 505 | _aContenido: Figuras planas -- cubos y superficies -- triangulos -- perimetros -- regiones poligonales... | ||
| 650 |
_aRazonamiento _920965 |
||
| 650 |
_aMatematico _920966 |
||
| 650 |
_aFiguras geometricas _920967 |
||
| 650 |
_aPerimetros _920968 |
||
| 942 |
_2ddc _cLIBROS |
||
| 945 | _apjha | ||